| 000 | 00497nam a2200145Ia 4500 | ||
|---|---|---|---|
| 008 | 100204s9999 xx 000 0 und d | ||
| 082 | _b12388 | ||
| 100 | _aवर्तक उषा | ||
| 245 | _aचटकदार गोष्टी भाग - 1 | ||
| 260 |
_b"शकुन प्रकाशन , पुणे 30" _c1989 |
||
| 300 | _a80 | ||
| 630 | _aचटकदार गोष्टी भाग - 1 | ||
| 730 | _aचटकदार गोष्टी भाग - 1 | ||
| 942 | _cBOOK | ||
| 999 |
_c456821 _d456818 |
||